000 00545nam a22001937a 4500
003 CEME
005 20210628202229.0
008 210209b xxu||||| |||| 00| 0 eng d
020 _a0-8493-3086-6
040 _c.
082 _a621.303 COM
100 _aLaplante , Phillip. A
_955695
245 _aComprehensive dictionary of electrical engineering
250 _a2ND
260 _aNEW YORK
_bCRC PRESS
_c2005
300 _a758P
650 _aELECTRIC ENGINEERING-DICTIONERIES.DICTIONARY OF ELECTRICAL ENGINEERING
_958885
942 _cBK
_2ddc
999 _c568972
_d568972